00409nam a2200145Ia 4500100002600000942000700026654001100033245004300044260003500087082001300122300000800135546001200143999001700155952009100172 aBishop/Christopher M  cBK aneural aNeural Network for Pattern recognition bOxford university pressc1995 a6.4bBIS a482 aENGLISH c30956d30956 001040708CRCaCRCEbCRCEd2023-03-17l0o6.4 BISp14857r2023-03-17w2023-03-17yBK